Venturing overseas : Singapore's external wing.

Bibliographic Details
Main Author: Tan, Chwee Huat
Format: Book
Published: Singapore: McGraw-Hill, 1995.
Subjects:
LEADER 00525cam a2200169 7i4500
001 0000004487
005 19991025090000.0
002 ##000005986
020 0 0 |a 0-07-113865-X  
100 1 0 |a Tan, Chwee Huat  
245 1 0 |a Venturing overseas :   |b Singapore's external wing. 
260 0 0 |a Singapore:   |b McGraw-Hill,   |c 1995. 
300 0 0 |a 146 p.. 
650 0 0 |a Singapore --   |x Investments  
651 0 0 |a Singapore  
999 |a 0000006613  |b Book  |c Open shelf  |e Business Information Centre 
999 |a 0000006197  |b Book  |c Open shelf  |e Business Information Centre